Calculus Early Transcendentals / (Record no. 592413)
[ view plain ]
| 000 -LEADER | |
|---|---|
| fixed length control field | 00961 a2200157 4500 |
| 003 - CONTROL NUMBER IDENTIFIER | |
| control field | NUST |
| 005 - DATE AND TIME OF LATEST TRANSACTION | |
| control field | 20221119152721.0 |
| 008 - FIXED-LENGTH DATA ELEMENTS--GENERAL INFORMATION | |
| fixed length control field | 221119b ||||| |||| 00| 0 eng d |
| 082 ## - DEWEY DECIMAL CLASSIFICATION NUMBER | |
| Classification number | 515,TAN |
| 100 ## - MAIN ENTRY--PERSONAL NAME | |
| Personal name | Tan, Soo T. |
| 9 (RLIN) | 103147 |
| 245 ## - TITLE STATEMENT | |
| Title | Calculus Early Transcendentals / |
| Statement of responsibility, etc. | Soo T. Tan |
| 260 ## - PUBLICATION, DISTRIBUTION, ETC. | |
| Place of publication, distribution, etc. | USA |
| Name of publisher, distributor, etc. | Brooks/Cole, Cengage Learning |
| Date of publication, distribution, etc. | 2011 |
| 300 ## - PHYSICAL DESCRIPTION | |
| Extent | xx, 1320p. |
| 505 ## - FORMATTED CONTENTS NOTE | |
| Formatted contents note | Preliminaries (Page-1), Limits (Page-99), The Derivative (Page-163), Applications of th ederivative (Page-281), Integration (Page-403), Applications of the dfinite Integral (Page-497), Techniques of intergration (Page-593), Differential Equations (Page-663), Infinite Sequences and Series (Page-725), Conic Section, Plane Curves, andpolar Coordinates (Page-823), Vectors and the geometry of space (Page-897), Vector-valued functions (Page-979), Funciton of several Variables (Page-1029), Multiple integrals (Page-1143), Vector Analysis (Page-1219). |
| 942 ## - ADDED ENTRY ELEMENTS (KOHA) | |
| Source of classification or shelving scheme | |
| Koha item type | Book |
| Call number prefix | 515,TAN |
| Withdrawn status | Lost status | Source of classification or shelving scheme | Damaged status | Not for loan | Permanent Location | Current Location | Shelving location | Date acquired | Total Checkouts | Full call number | Barcode | Date last seen | Price effective from | Koha item type | Public note |
|---|---|---|---|---|---|---|---|---|---|---|---|---|---|---|---|
| Military College of Signals (MCS) | Military College of Signals (MCS) | General Stacks | 11/19/2022 | 515,TAN | MCS37691 | 11/19/2022 | 11/19/2022 | Book | Almirah No.13, Shelf No.2 |
